[Event "Ä11Â"]
[Site "Loo"]
[Date "2017.04.24"]
[Round "5.16"]
[White "Äîëèíñêàÿ, Ìàðèÿ."]
[Black "Çàéöåâà, Äàðüÿ."]
[Result "1/2-1/2"]
[WhiteElo "1128"]
[BlackElo "1348"]
[PlyCount "81"]
[EventDate "2017.04.20"]

1. e4 c5 2. Nf3 Nc6 3. d4 cxd4 4. Nxd4 g6 5. c4 Bg7 6. Be3 Nf6 7. Nc3 Ng4 8.
Qxg4 Nxd4 9. Qd1 Ne6 10. Qd2 O-O 11. Rc1 Re8 12. Be2 b6 13. O-O d6 14. b3 Bb7
15. f3 a5 16. Nd5 Nc5 17. Qc2 e6 18. Nc3 Qe7 19. Nb5 Ba6 20. Nc3 Red8 21. Rfd1
Rac8 22. Qd2 Bb7 23. Nb5 Rc6 24. Na7 Rc7 25. Nb5 Rcd7 26. Bxc5 dxc5 27. Qc2 Bh6
28. Rxd7 Rxd7 29. Rd1 Qd8 30. Rxd7 Qxd7 31. Qd3 Qxd3 32. Bxd3 Be3+ 33. Kf1 Bd4
34. Bc2 Bc6 35. Na3 Kg7 36. Nb1 b5 37. Nd2 b4 38. Ke2 Kf6 39. Nf1 Kg5 40. Nd2
Kf4 41. Nf1 1/2-1/2

[Event "Ä11Â"]
[Site "Loo"]
[Date "2017.04.24"]
[Round "5.18"]
[White "Ëåçèíà, Àííà."]
[Black "Ìèõàéëèíà, Îëüãà."]
[Result "1/2-1/2"]
[WhiteElo "1325"]
[BlackElo "1274"]
[PlyCount "107"]
[EventDate "2017.04.20"]

1. e4 e5 2. Nf3 Nc6 3. d4 exd4 4. Nxd4 g6 5. Nxc6 bxc6 6. Bc4 Bg7 7. Qf3 Qf6 8.
Qxf6 Nxf6 9. Nc3 O-O 10. f3 Re8 11. Kf2 Bb7 12. Rd1 Rad8 13. Bg5 h6 14. Be3 d5
15. exd5 cxd5 16. Bb3 a6 17. Ne2 Rd6 18. Bd4 c6 19. g3 g5 20. g4 Rde6 21. Ng3
Bh8 22. c4 Bg7 23. cxd5 cxd5 24. Ba4 R8e7 25. Rd2 Bc6 26. Bxc6 Rxc6 27. Nf5
Rec7 28. Bc3 Rc5 29. Rad1 Rd7 30. Re1 Kh7 31. Rc1 Rdc7 32. Rcd1 Rd7 33. Re1
Rdc7 34. Rc1 R7c6 35. Rcd1 Rc7 36. Nxg7 Kxg7 37. Bxf6+ Kxf6 38. Rxd5 Rxd5 39.
Rxd5 Rc2+ 40. Ke3 Rxb2 41. Ra5 Rb6 42. h3 Ke6 43. Kd4 f6 44. Ke4 Rb4+ 45. Kd3
Rb6 46. Kc4 Rc6+ 47. Kd3 Rd6+ 48. Ke4 Rb6 49. Ra4 Rd6 50. f4 Rc6 51. f5+ Kd6
52. Kd4 Rb6 53. Kc4 Rc6+ 54. Kd4 1/2-1/2

[Event "Ä11Â"]
[Site "Loo"]
[Date "2017.04.24"]
[Round "5.19"]
[White "Êèëüäèøîâà, Àëèíà."]
[Black "Áåëîóñîâà, Ñîôüÿ."]
[Result "0-1"]
[WhiteElo "1361"]
[BlackElo "1319"]
[PlyCount "130"]
[EventDate "2017.04.20"]

1. Nf3 c5 2. g3 g6 3. Bg2 Bg7 4. O-O Nf6 5. d4 cxd4 6. Nxd4 O-O 7. Nc3 Nc6 8.
Nb3 Qc7 9. Bf4 d6 10. Qd2 a6 11. Bh6 Bd7 12. Bxg7 Kxg7 13. Nd5 Nxd5 14. Qxd5
Rac8 15. c3 b6 16. h4 Ne5 17. Qb7 a5 18. Qe4 Bf5 19. Qf4 Qc4 20. Nd4 Bd7 21. h5
Ng4 22. Qd2 Nf6 23. hxg6 hxg6 24. Bf3 Rh8 25. Bg2 e5 26. Nc2 Qg4 27. Qxd6 Qxe2
28. Qd1 Qb5 29. Rb1 e4 30. Nd4 Qg5 31. Qe1 Qh6 32. f3 e3 33. Rf2 Qh2+ 34. Kf1
Qh1+ 35. Bxh1 Rxh1+ 36. Ke2 Rxe1+ 37. Kxe1 exf2+ 38. Kxf2 Rh8 39. g4 Rh2+ 40.
Kg3 Rd2 41. Kf4 Nd5+ 42. Ke5 Ne3 43. Re1 Ng2 44. Re2 Rxe2+ 45. Nxe2 Bc6 46. f4
Bf3 47. Nd4 Bxg4 48. Kd6 Nxf4 49. Kc6 Nd3 50. Kxb6 a4 51. b4 axb3 52. axb3 f5
53. c4 f4 54. c5 g5 55. c6 f3 56. Nxf3 Bxf3 57. Kb5 Bxc6+ 58. Kc4 Ne5+ 59. Kd4
Nd7 60. Ke3 g4 61. Kf4 Bf3 62. b4 Kh6 63. Kg3 Kg5 64. Kf2 Kf4 65. Kg1 Kg3 0-1

[Event "Ä11Â"]
[Site "Loo"]
[Date "2017.04.24"]
[Round "5.22"]
[White "Ïÿïèåâà, Àéëàíà."]
[Black "Êóçíåöîâà, Þëèÿ."]
[Result "0-1"]
[WhiteElo "1250"]
[BlackElo "1304"]
[PlyCount "72"]
[EventDate "2017.04.20"]

1. Nf3 d5 2. g3 c6 3. Bg2 Bg4 4. Ne5 Bf5 5. O-O Nd7 6. Nf3 e6 7. d4 Ngf6 8. Nc3
Be7 9. Bf4 O-O 10. Re1 c5 11. e3 Rc8 12. Nh4 Bg4 13. Qd2 h6 14. Nf3 Ne4 15.
Nxe4 dxe4 16. Ne5 Nxe5 17. Bxe5 f6 18. Bf4 g5 19. Bxg5 fxg5 20. Bxe4 Bf5 21.
Bxf5 exf5 22. c3 Bf6 23. Qc2 cxd4 24. exd4 Kh8 25. Qb3 b6 26. Re2 Re8 27. Rd2
Rc7 28. Rad1 Rce7 29. Kg2 Qd6 30. Qc2 Qd5+ 31. f3 g4 32. Qd3 Re3 33. Qf1 Rxf3
34. Qa6 Rxg3+ 35. Kf1 Qf3+ 36. Rf2 Qh1# 0-1

[Event "Ì11Â"]
[Site "Loo"]
[Date "2017.04.24"]
[Round "5.1"]
[White "Êðèâåíêî, Äìèòðèé."]
[Black "Âîëêîâ, Ìàêñèì."]
[Result "1-0"]
[WhiteElo "1659"]
[BlackElo "1862"]
[PlyCount "109"]
[EventDate "2017.04.20"]

1. e4 e6 2. d4 d5 3. e5 c5 4. c3 Qb6 5. Nf3 Bd7 6. Na3 Nc6 7. Nc2 cxd4 8. cxd4
Nge7 9. Ne3 Ng6 10. g3 Be7 11. Be2 f6 12. Bd3 f5 13. Bb1 Qb4+ 14. Kf1 O-O 15.
Ng2 Na5 16. h4 Bb5+ 17. Kg1 Rfc8 18. h5 Nf8 19. Bd3 Bxd3 20. Qxd3 Qc4 21. Qxc4
Rxc4 22. Bd2 Nc6 23. Ne3 Ra4 24. Bc3 Rc8 25. Kg2 Nb4 26. a3 Nc6 27. Kf1 Nd7 28.
Ke2 b5 29. Nc2 Ra6 30. Nb4 Ra4 31. Nd2 Nxb4 32. axb4 Nb6 33. Kd3 Rxa1 34. Rxa1
Na4 35. Nb3 a6 36. Nc5 Nxc3 37. bxc3 Bxc5 38. bxc5 Rc6 39. Ke3 Kf7 40. g4 Ke7
41. gxf5 exf5 42. Kf4 Ke6 43. Kg5 Kf7 44. Kxf5 Re6 45. Kg5 Rc6 46. f4 Re6 47.
f5 Rc6 48. e6+ Ke7 49. Ra2 h6+ 50. Kg6 Kf8 51. Kh7 Rc7 52. Rxa6 g5+ 53. Kg6 g4
54. f6 Rc8 55. Ra7 1-0

[Event "Ì11Â"]
[Site "Loo"]
[Date "2017.04.24"]
[Round "5.2"]
[White "Ïèíãèí, Àðòåì."]
[Black "Êîëåñîâ, Ãîðäåé."]
[Result "1/2-1/2"]
[WhiteElo "1576"]
[BlackElo "1619"]
[PlyCount "80"]
[EventDate "2017.04.20"]

1. d4 Nf6 2. Bg5 g6 3. Nf3 Bg7 4. e3 d6 5. Bd3 Nbd7 6. Nbd2 O-O 7. O-O c6 8. c3
Qc7 9. Bf4 Nh5 10. Bg5 Nhf6 11. Bf4 e5 12. dxe5 dxe5 13. Bg3 Nh5 14. e4 Nc5 15.
Bc2 h6 16. Nc4 Nxg3 17. hxg3 Be6 18. Qe2 Rad8 19. b4 Nd7 20. a4 Nb6 21. Ne3 f5
22. a5 Nc8 23. exf5 gxf5 24. Nc4 e4 25. Ra3 Ne7 26. Nb2 Nd5 27. Na4 Rde8 28.
Nh4 Bc8 29. Bb3 Be6 30. Nc5 Bc8 31. Ng6 Rf6 32. Nf4 Rd6 33. Rd1 Red8 34. Ra2
Kh8 35. Nxd5 cxd5 36. Rc2 Qe7 37. Qe3 d4 38. cxd4 Rxd4 39. Rxd4 Rxd4 40. Nxe4
Bd7 1/2-1/2

[Event "Ì11Â"]
[Site "Loo"]
[Date "2017.04.24"]
[Round "5.3"]
[White "Èâ÷åíêî, Àëåêñàíäð."]
[Black "Äóäàðåâ, Âëàäèñëàâ."]
[Result "0-1"]
[WhiteElo "1664"]
[BlackElo "2051"]
[PlyCount "92"]
[EventDate "2017.04.20"]

1. e4 c5 2. Nf3 d6 3. c3 Nf6 4. Bd3 g6 5. Bc2 Bg7 6. d4 cxd4 7. cxd4 O-O 8. O-O
Nc6 9. d5 Nb8 10. Nc3 Bg4 11. h3 Bxf3 12. Qxf3 Nbd7 13. Qe2 Rc8 14. Be3 a6 15.
Rac1 b5 16. Bd3 Nc5 17. b4 Nxd3 18. Qxd3 Nd7 19. Nb1 Ne5 20. Qb3 Qd7 21. Nd2
Rxc1 22. Rxc1 Rc8 23. Rc2 f5 24. f4 Nf7 25. Qd3 e5 26. dxe6 Qxe6 27. exf5 gxf5
28. Rxc8+ Qxc8 29. Bd4 Bxd4+ 30. Qxd4 Qc2 31. Qd5 Qb2 32. Nf1 Qxb4 33. Qa8+ Kg7
34. Qxa6 Qd4+ 35. Kh1 Qc4 36. Kg1 d5 37. Qe6 Qd4+ 38. Kh1 Qxf4 39. Qe2 b4 40.
Ne3 d4 41. Nd5 Qe4 42. Qc4 d3 43. Qb3 Qe1+ 44. Kh2 Qe5+ 45. Kh1 d2 46. Ne3 Qxe3
0-1

[Event "Ì11Â"]
[Site "Loo"]
[Date "2017.04.24"]
[Round "5.4"]
[White "Âåòîõèí, Ñàââà."]
[Black "Þøèí, Èãîðü."]
[Result "1/2-1/2"]
[WhiteElo "1657"]
[BlackElo "1801"]
[PlyCount "87"]
[EventDate "2017.04.20"]

1. e4 c5 2. Nf3 a6 3. g3 Nc6 4. Bg2 d6 5. O-O Nf6 6. Re1 e5 7. c3 Be7 8. d4
cxd4 9. cxd4 exd4 10. Nxd4 O-O 11. Nc3 Qc7 12. Bf4 Ne5 13. Nf5 g6 14. Nxe7+
Qxe7 15. Nd5 Nxd5 16. exd5 Rd8 17. Bh6 Qd7 18. f4 Ng4 19. Bh3 f5 20. Bxg4 fxg4
21. Qd4 Qf7 22. Re3 Bd7 23. f5 gxf5 24. Qf4 Qf6 25. Bg5 Qxb2 26. Rae1 Re8 27.
Qxd6 Rxe3 28. Bxe3 Qg7 29. Qb4 Re8 30. Qb3 b5 31. Rc1 Qe5 32. Bf2 Qd6 33. Bc5
Qe5 34. d6+ Be6 35. Qb4 Bd7 36. Bd4 a5 37. Bxe5 axb4 38. Bf4 Rc8 39. Rxc8+ Bxc8
40. Bd2 Kf7 41. Kf2 Ke6 42. Bxb4 h5 43. Ke3 Ke5 44. a3 1/2-1/2

[Event "Ì11Â"]
[Site "Loo"]
[Date "2017.04.24"]
[Round "5.5"]
[White "Õóáóêøàíîâ, Ýðäýì."]
[Black "Ïîðîøèí, Àëåêñàíäð."]
[Result "0-1"]
[WhiteElo "1791"]
[BlackElo "1664"]
[PlyCount "84"]
[EventDate "2017.04.20"]

1. e4 c6 2. Nc3 d5 3. Nf3 Bg4 4. h3 Bxf3 5. Qxf3 e6 6. d4 Nd7 7. Bd3 Bb4 8. O-O
Bxc3 9. bxc3 dxe4 10. Bxe4 Ngf6 11. Bd3 Nb6 12. Ba3 Qc7 13. Rab1 Nbd5 14. Rb3
Ne7 15. Rfb1 b6 16. Re1 Rc8 17. Ba6 Rd8 18. Bc4 Rd7 19. Re5 b5 20. Bd3 Rd5 21.
Qg3 O-O 22. Qh4 Re8 23. Rxd5 exd5 24. f3 Ng6 25. Qf2 Nf4 26. Bf1 N6h5 27. Kh1
Ne2 28. Bxe2 Ng3+ 29. Kh2 Ne4+ 30. Kg1 Nxf2 31. Kxf2 Qf4 32. Bd3 Qe3+ 33. Kg3
Re6 34. Rb1 h5 35. h4 g5 36. hxg5 Qxg5+ 37. Kh3 h4 38. g4 hxg3 39. Rg1 Rh6+ 40.
Kg2 Rh2+ 41. Kf1 Rf2+ 42. Ke1 Qd2# 0-1

[Event "Ì11Â"]
[Site "Loo"]
[Date "2017.04.24"]
[Round "5.6"]
[White "Ìàíåëþê, Äàíèèë."]
[Black "Êî÷åòîâ, Âëàäèñëàâ."]
[Result "1/2-1/2"]
[WhiteElo "1976"]
[BlackElo "1648"]
[PlyCount "108"]
[EventDate "2017.04.20"]

1. e4 c5 2. Nf3 Nc6 3. d4 cxd4 4. Nxd4 Nf6 5. Nc3 d6 6. f3 e5 7. Nb3 Be7 8. Be3
a5 9. Bb5 O-O 10. O-O Be6 11. Nd5 Bxd5 12. exd5 Na7 13. Be2 a4 14. Nc1 Qa5 15.
c4 b5 16. Qd2 Qxd2 17. Bxd2 Bd8 18. b3 Bb6+ 19. Kh1 Nc8 20. c5 Bxc5 21. Bxb5
Ne7 22. Bxa4 Bd4 23. Rb1 Nfxd5 24. Ne2 Nb6 25. Nxd4 exd4 26. Bb4 Rfd8 27. a3
Nxa4 28. bxa4 Rxa4 29. Bxd6 Nf5 30. Bc5 Rc4 31. Rbc1 Rxc1 32. Rxc1 Rc8 33. Kg1
f6 34. a4 Kf7 35. a5 Nd6 36. a6 Nb5 37. Kf2 Ke6 38. Re1+ Kd5 39. Bb6 Ra8 40. a7
Kc6 41. Re6+ Kd7 42. Re4 Kc6 43. Bxd4 Nxd4 44. Rxd4 Rxa7 45. g4 Rd7 46. Re4 Kd6
47. Kg3 Re7 48. Ra4 Ke6 49. Kf4 g5+ 50. Kg3 Kf7 51. h4 gxh4+ 52. Kxh4 Re1 53.
Kg3 Kg6 54. Kf4 Re5 1/2-1/2

[Event "Ì11Â"]
[Site "Loo"]
[Date "2017.04.24"]
[Round "5.7"]
[White "Âîëêîâ, Èëüÿ."]
[Black "Ñèìîíÿí, Ãðèãîðèé."]
[Result "0-1"]
[WhiteElo "1404"]
[BlackElo "1937"]
[PlyCount "78"]
[EventDate "2017.04.20"]

1. e4 c5 2. Nf3 e6 3. d4 cxd4 4. Nxd4 Nf6 5. Nc3 d6 6. Be2 a6 7. Be3 Nbd7 8.
O-O b5 9. f3 Bb7 10. Qe1 Qc7 11. Rd1 Rc8 12. a3 Ne5 13. g4 Nc4 14. Bxc4 Qxc4
15. Qe2 Nd7 16. Rd2 Ne5 17. f4 Qxe2 18. Rxe2 Nxg4 19. Bd2 Nf6 20. e5 dxe5 21.
fxe5 Bc5 22. Rf4 Nd5 23. Nxd5 Bxd5 24. c3 Ke7 25. Ref2 Rhf8 26. Be3 Bb6 27.
Nf5+ exf5 28. Bxb6 Be4 29. Rd2 Ke6 30. Bd4 g5 31. Rff2 f4 32. Rde2 Bd5 33. h3
Rg8 34. Kh2 Rg6 35. Re1 Rh6 36. Rg1 Rh5 37. Rg4 Kf5 38. Rf1 Rc6 39. Bf2 Rch6
0-1

[Event "Ì11Â"]
[Site "Loo"]
[Date "2017.04.24"]
[Round "5.8"]
[White "Ëûñöîâ, Ëåîíèä."]
[Black "Ïåòðîâñêèé, Íèêèòà."]
[Result "1-0"]
[WhiteElo "1864"]
[BlackElo "1583"]
[PlyCount "87"]
[EventDate "2017.04.20"]

1. d4 d5 2. Bf4 c5 3. c3 Nc6 4. e3 Qb6 5. Qb3 c4 6. Qc2 Bf5 7. Qxf5 Qxb2 8.
Qxd5 Nf6 9. Qxc4 Qxa1 10. Qb3 O-O-O 11. Bd3 Nd5 12. Nf3 e6 13. O-O Na5 14. Qc2
f5 15. Nbd2 Qxc3 16. Qxc3+ Nxc3 17. Rc1 Nc6 18. Rxc3 Bb4 19. Rxc6+ bxc6 20.
Ba6+ Kd7 21. Ne5+ Ke8 22. Ndc4 Bd6 23. Nxd6+ Rxd6 24. Nd3 Rd5 25. Nc5 Rxc5 26.
dxc5 Kd7 27. Be5 Rg8 28. f4 h6 29. Be2 g6 30. Bf3 h5 31. g3 Rc8 32. Kg2 Rg8 33.
Kh3 Rc8 34. Kh4 Ke7 35. Kg5 Kf7 36. Kh6 Rd8 37. Bd6 Rc8 38. Kh7 Kf6 39. e4 Kf7
40. e5 a6 41. a3 a5 42. a4 h4 43. gxh4 g5 44. Bh5# 1-0

[Event "Ì11Â"]
[Site "Loo"]
[Date "2017.04.24"]
[Round "5.9"]
[White "Ôîìèí, Íèêèòà."]
[Black "Ãàøåâ, Ìàòâåé."]
[Result "1/2-1/2"]
[WhiteElo "1612"]
[BlackElo "1582"]
[PlyCount "124"]
[EventDate "2017.04.20"]

1. e4 c6 2. d4 d5 3. Nc3 dxe4 4. Nxe4 Nf6 5. Nxf6+ exf6 6. c3 Bd6 7. Nf3 O-O 8.
Be2 Re8 9. O-O h6 10. Re1 Bg4 11. Nd2 Bf5 12. Nc4 Qc7 13. h3 Nd7 14. Be3 Nb6
15. Nxd6 Qxd6 16. Bg4 Bh7 17. Qf3 Nd5 18. Bf5 Bxf5 19. Qxf5 Nxe3 20. fxe3 Qg3
21. e4 Re7 22. Qf3 Qxf3 23. gxf3 Rae8 24. Kf2 g5 25. Rg1 f5 26. e5 Kg7 27. h4
f6 28. hxg5 hxg5 29. Rae1 Kg6 30. a3 fxe5 31. Rxe5 Rxe5 32. dxe5 Rxe5 33. f4
Rb5 34. Rxg5+ Kf6 35. b4 Rd5 36. Ke3 Rd1 37. a4 Rc1 38. Kd2 Ra1 39. a5 c5 40.
Rg8 cxb4 41. cxb4 Rb1 42. Kc3 Rf1 43. Rf8+ Kg6 44. Rb8 Rf3+ 45. Kb2 Rxf4 46.
Rxb7 a6 47. Rb6+ Kg5 48. Ka3 Rf3+ 49. Ka4 f4 50. Rxa6 Rf1 51. Rc6 f3 52. Rc2 f2
53. Kb5 Kg4 54. a6 Kg3 55. a7 Ra1 56. Rxf2 Kxf2 57. Kb6 Ke3 58. b5 Kd4 59. Kb7
Kc5 60. b6 Kb5 61. a8=Q Rxa8 62. Kxa8 Kxb6 1/2-1/2

[Event "Ì11Â"]
[Site "Loo"]
[Date "2017.04.24"]
[Round "5.10"]
[White "Ìàêîâ, Àðòåì."]
[Black "Øåêà, Íèêîëàé."]
[Result "0-1"]
[WhiteElo "1604"]
[BlackElo "1399"]
[PlyCount "98"]
[EventDate "2017.04.20"]

1. d4 d5 2. e3 c5 3. c3 Nf6 4. Nd2 Nc6 5. dxc5 e5 6. b4 a5 7. Bb5 axb4 8. cxb4
Bf5 9. Ngf3 Qc7 10. Bb2 Nd7 11. a3 g6 12. Qe2 Bg7 13. e4 dxe4 14. Nxe4 Bxe4 15.
Qxe4 O-O 16. O-O Nf6 17. Qe2 e4 18. Nd2 Ng4 19. Qxg4 Bxb2 20. Ra2 Be5 21. Qxe4
Bxh2+ 22. Kh1 Rfe8 23. Qh4 Be5 24. f4 Bg7 25. Nc4 Re6 26. Nb6 Rd8 27. Bc4 Re4
28. Nd5 Qd7 29. Nb6 Qd4 30. Qf2 Qf6 31. Re2 Rde8 32. Rxe4 Rxe4 33. Nd5 Qf5 34.
g4 Qxg4 35. Bb5 Qh5+ 36. Qh2 Qxd5 37. Bxc6 Qxc6 38. Qg2 f5 39. Kh2 Qf6 40. Kg3
Bh6 41. Qd2 Qd4 42. Qa2+ Kg7 43. Rf3 Qg1+ 44. Qg2 Bxf4+ 45. Kh3 Qd1 46. Rxf4
Qh5+ 47. Kg3 Qg5+ 48. Kh3 Qxf4 49. Qb2+ Kh6 0-1

[Event "Ì11Â"]
[Site "Loo"]
[Date "2017.04.24"]
[Round "5.11"]
[White "Èñìàãèëîâ, Èãîðü."]
[Black "Îñíîâèí, Åãîð."]
[Result "0-1"]
[WhiteElo "1853"]
[BlackElo "1512"]
[PlyCount "146"]
[EventDate "2017.04.20"]

1. e4 e5 2. Nf3 Nc6 3. Bb5 Nd4 4. Nxd4 exd4 5. O-O Bc5 6. d3 Ne7 7. f4 O-O 8.
Kh1 c6 9. Bc4 d5 10. Bb3 Re8 11. f5 f6 12. g4 Kh8 13. g5 Ng8 14. Qh5 dxe4 15.
Bxg8 Kxg8 16. gxf6 gxf6 17. Rg1+ Kh8 18. Qf7 Qe7 19. Qh5 Bd7 20. Bh6 Rg8 21.
Nd2 exd3 22. cxd3 Qe5 23. Raf1 Qd5+ 24. Ne4 Be7 25. Rg3 Rxg3 26. hxg3 Rg8 27.
g4 Be8 28. Qh4 Bf7 29. a3 Be8 30. Kh2 Qf7 31. Kg3 Bd7 32. Rf3 Rd8 33. Bf4 Bc8
34. Qh6 Rg8 35. Kh3 Qg7 36. Qh5 Qf8 37. Rf2 Bd7 38. Rh2 Qe8 39. Qh4 Qf8 40. b4
b6 41. Rc2 Qf7 42. Bd6 Bxd6 43. Nxd6 Qe7 44. Ne4 Rf8 45. Kg3 Qe5+ 46. Kf3 Qe7
47. Rh2 Rf7 48. Qh5 Rg7 49. Qh6 Rf7 50. Qg6 a6 51. Rh6 c5 52. Kg3 Bc6 53. Kf3
cxb4 54. axb4 a5 55. bxa5 bxa5 56. Rh1 Bxe4+ 57. dxe4 Qa3+ 58. Ke2 Qb2+ 59. Kf3
Qc3+ 60. Kf2 Qd2+ 61. Kg1 Qe1+ 62. Kg2 Qxh1+ 63. Kxh1 hxg6 64. fxg6 Rg7 65. Kg2
Rxg6 66. Kf3 a4 67. Kf4 a3 68. Kf5 Rh6 69. g5 fxg5 70. Kxg5 Re6 71. Kf5 Re8 72.
e5 a2 73. e6 a1=Q 0-1

[Event "Ì11Â"]
[Site "Loo"]
[Date "2017.04.24"]
[Round "5.12"]
[White "Òàðàñåíêî, ßðîñëàâ."]
[Black "Ñàâåëüåâ, Èâàí."]
[Result "0-1"]
[WhiteElo "1629"]
[BlackElo "1478"]
[PlyCount "72"]
[EventDate "2017.04.20"]

1. e4 e5 2. Nf3 Nc6 3. Nc3 Nf6 4. Be2 Be7 5. O-O O-O 6. d4 exd4 7. Nxd4 Nxd4 8.
Qxd4 d6 9. f4 b6 10. Bf3 Bb7 11. Qf2 Nd7 12. Be3 Re8 13. Rae1 Nf8 14. Qd2 Ng6
15. Nd5 c6 16. Nxe7+ Qxe7 17. g3 Rad8 18. Qg2 Qc7 19. Bc1 c5 20. Re2 Ba6 21.
Rfe1 Bxe2 22. Rxe2 Ne7 23. c4 Nc6 24. b3 Nd4 25. Re1 Nxf3+ 26. Qxf3 f5 27. Bb2
Rxe4 28. Rxe4 fxe4 29. Qxe4 Qf7 30. Qc6 Qe7 31. Qd5+ Kh8 32. Qd2 Re8 33. Kf2
Qe4 34. Ba1 Qh1 35. Qc3 Qxh2+ 36. Kf3 Qe2# 0-1

[Event "Ì11Â"]
[Site "Loo"]
[Date "2017.04.24"]
[Round "5.13"]
[White "Æèðêîâ, Âëàäèñëàâ."]
[Black "Ìåäâåäåâ, Ìàòâåé."]
[Result "0-1"]
[WhiteElo "1485"]
[BlackElo "1605"]
[PlyCount "102"]
[EventDate "2017.04.20"]

1. e4 c6 2. d4 d5 3. Nc3 dxe4 4. Nxe4 Bf5 5. Ng3 Bg6 6. Bc4 e6 7. N1e2 Bd6 8.
h4 h6 9. Nf4 Bh7 10. c3 Nf6 11. O-O Qc7 12. Ngh5 Nxh5 13. Nxh5 Rg8 14. Qf3 Nd7
15. Re1 Nf8 16. Be3 O-O-O 17. Bf1 Qe7 18. g3 g5 19. hxg5 hxg5 20. Nf6 Rg7 21.
d5 cxd5 22. Bd4 Be4 23. Nxe4 dxe4 24. Qxe4 f5 25. Qe2 Rh7 26. Bxa7 Qf6 27. Qc4+
Bc7 28. Bg2 f4 29. Qe4 Bd6 30. Qf3 Qh6 31. g4 e5 32. Re4 Rc7 33. Bb6 Rdd7 34.
Bxc7 Rxc7 35. Rd1 Rh7 36. Rc4+ Kb8 37. Qd5 Qh2+ 38. Kf1 Rd7 39. Qg8 Qh6 40. Ra4
Qf6 41. Qb3 f3 42. Qb6 fxg2+ 43. Kxg2 Qe6 44. Qa7+ Kc8 45. f3 Kd8 46. Qf2 Ng6
47. Rh1 Nh4+ 48. Kh3 Rf7 49. Ra8+ Ke7 50. Qb6 Rxf3+ 51. Kh2 e4+ 0-1

[Event "Ì11Â"]
[Site "Loo"]
[Date "2017.04.24"]
[Round "5.16"]
[White "Òàíäåëîâ, Àðñåíèé."]
[Black "Òþãàøåâ, Ãðèãîðèé."]
[Result "1/2-1/2"]
[WhiteElo "1305"]
[BlackElo "1524"]
[PlyCount "105"]
[EventDate "2017.04.20"]

1. e4 e6 2. d3 d5 3. Nd2 Nf6 4. Ngf3 c5 5. g3 Nc6 6. Bg2 Be7 7. O-O O-O 8. Re1
b5 9. e5 Nd7 10. Nf1 f6 11. exf6 Nxf6 12. h4 Bd6 13. N1h2 e5 14. Bg5 h6 15.
Bxf6 Qxf6 16. Qd2 Be6 17. g4 Qg6 18. h5 Qf6 19. g5 hxg5 20. Qxg5 Qxg5 21. Nxg5
Nd4 22. Nxe6 Nxe6 23. Bxd5 Rae8 24. Nf3 Rf5 25. Be4 Rf6 26. Bg6 Re7 27. Nh4 Nd4
28. Rac1 Rf4 29. Ng2 Nf3+ 30. Kf1 Nxe1 31. Nxf4 exf4 32. Rxe1 Rxe1+ 33. Kxe1
Kf8 34. Ke2 Ke7 35. Kf3 Kf6 36. Ke4 Ke6 37. f3 b4 38. b3 Bc7 39. Bf5+ Kf6 40.
Bg4 Kg5 41. Kd5 Bb6 42. Kc6 g6 43. hxg6 Kxg6 44. Kb5 Kg5 45. Ka4 Kh4 46. a3
bxa3 47. Kxa3 Kg3 48. b4 Kf2 49. bxc5 Bxc5+ 50. Kb3 Ke3 51. Kc4 Be7 52. d4 a5
53. Kb5 1/2-1/2

[Event "Ì11Â"]
[Site "Loo"]
[Date "2017.04.24"]
[Round "5.17"]
[White "Àëåêñååâ, Àíäðåé."]
[Black "Ñîëîíåíêî, Ìàêñèì."]
[Result "1/2-1/2"]
[WhiteElo "1257"]
[BlackElo "1598"]
[PlyCount "76"]
[EventDate "2017.04.20"]

1. d4 Nf6 2. g3 d5 3. Bg2 g6 4. c3 Bg7 5. Nf3 O-O 6. Nbd2 Nbd7 7. Qc2 b6 8. O-O
Bb7 9. Ne1 c5 10. Ndf3 Ne4 11. e3 Rc8 12. Nd2 Ndf6 13. f3 Nxd2 14. Bxd2 cxd4
15. exd4 Re8 16. Nd3 Nd7 17. Be3 e5 18. Qf2 Ba6 19. Rfd1 f5 20. Nxe5 Nxe5 21.
dxe5 Bxe5 22. f4 Bg7 23. Bxd5+ Kh8 24. Bb7 Bxb7 25. Rxd8 Rcxd8 26. Re1 Re7 27.
Bd4 Red7 28. Rd1 Kg8 29. Qe2 h6 30. Qe6+ Kh7 31. Kf2 Bc8 32. Qe2 Bb7 33. Re1
Be4 34. Qc4 Bd5 35. Qb4 Be4 36. Qc4 Bd5 37. Qb4 Be4 38. Qc4 Bd5 1/2-1/2

[Event "Ì11Â"]
[Site "Loo"]
[Date "2017.04.24"]
[Round "5.19"]
[White "Îãëîáëèí, Èëüÿ."]
[Black "Âëàñîâ, Äìèòðèé."]
[Result "1-0"]
[WhiteElo "1475"]
[BlackElo "1304"]
[PlyCount "101"]
[EventDate "2017.04.20"]

1. e4 e6 2. d4 d5 3. Bd3 dxe4 4. Bxe4 Nf6 5. Bf3 c6 6. Ne2 Bd6 7. c4 O-O 8. O-O
e5 9. c5 Bc7 10. Nbc3 exd4 11. Nxd4 Be5 12. Be3 Na6 13. Ne4 Nxe4 14. Bxe4 Qc7
15. f4 Bf6 16. Qc2 g6 17. f5 Bg7 18. fxg6 hxg6 19. Rad1 Bd7 20. Bf4 Qc8 21. Bd6
Re8 22. h4 Bg4 23. Bf3 Bxf3 24. Rxf3 Qg4 25. Qc4 Bxd4+ 26. Rxd4 Qe6 27. Qxe6
Rxe6 28. Rb3 Re1+ 29. Kh2 Rc1 30. Rxb7 Nxc5 31. Bxc5 Rxc5 32. Rdd7 Re8 33. Rxf7
Rc2 34. Rfc7 a5 35. Ra7 Rxb2 36. Rxa5 Rc2 37. a4 Rd8 38. Raa7 Rc5 39. a5 Rh5
40. g3 g5 41. Rg7+ Kf8 42. Rxg5 Rxg5 43. hxg5 Rd5 44. a6 Rxg5 45. Ra8+ Ke7 46.
a7 Rh5+ 47. Kg2 Ra5 48. Rh8 Ra2+ 49. Kh3 Rxa7 50. Rh7+ Kd6 51. Rxa7 1-0

[Event "Ì11Â"]
[Site "Loo"]
[Date "2017.04.24"]
[Round "5.20"]
[White "Ïîíêðàòîâ, Àëåêñåé."]
[Black "Ãóáàðåâ, Âëàäèñëàâ."]
[Result "1-0"]
[WhiteElo "1391"]
[BlackElo "1399"]
[PlyCount "81"]
[EventDate "2017.04.20"]

1. e4 c5 2. Nf3 Nc6 3. Bb5 g6 4. d3 Bg7 5. Nc3 Nf6 6. Be3 d6 7. h3 O-O 8. O-O
a6 9. Bxc6 bxc6 10. Qd2 Rb8 11. Rab1 Qc7 12. Bh6 d5 13. Bf4 Qb6 14. Bxb8 Qxb8
15. Rfe1 Bb7 16. Qd1 Rd8 17. exd5 cxd5 18. Rxe7 d4 19. Na4 Bc6 20. b3 Nd5 21.
Re1 Re8 22. Rxe8+ Qxe8 23. Qe1 Bxa4 24. bxa4 Qxa4 25. Rb8+ Bf8 26. Qe8 Qxe8 27.
Rxe8 Nb4 28. Ne5 Kg7 29. Nd7 Bd6 30. Ra8 Nxc2 31. Rxa6 Be7 32. Kf1 Nb4 33. Ra3
f5 34. Ke2 Kf7 35. Ne5+ Ke6 36. Nc4 Kd5 37. Ra7 Ke6 38. a4 Nc6 39. Ra6 Kd7 40.
Nb6+ Ke6 41. Nc8 1-0

[Event "Ì11Â"]
[Site "Loo"]
[Date "2017.04.24"]
[Round "5.21"]
[White "Êóð÷åíêî, Åãîð."]
[Black "Áóãàåö, Äàíèèë."]
[Result "1/2-1/2"]
[WhiteElo "1594"]
[BlackElo "1418"]
[PlyCount "103"]
[EventDate "2017.04.20"]

1. e4 e5 2. Nf3 Nc6 3. Bb5 a6 4. Ba4 Nf6 5. d3 d6 6. c3 Be7 7. O-O O-O 8. Re1
b5 9. Bc2 Bg4 10. Nbd2 h6 11. Nf1 d5 12. Be3 dxe4 13. dxe4 Qxd1 14. Raxd1 Rfd8
15. Ng3 Be6 16. b3 a5 17. Bd3 Rdb8 18. Ra1 b4 19. c4 a4 20. Bc2 a3 21. Rad1 Rd8
22. Nh4 Rxd1 23. Rxd1 Ng4 24. Nhf5 Nxe3 25. Nxe7+ Nxe7 26. fxe3 g6 27. Rd2 Rb8
28. Bd1 h5 29. Be2 Kg7 30. c5 Kf6 31. Nh1 Nc6 32. Nf2 Ke7 33. g3 Na7 34. Kg2
Nc6 35. Kf3 Na7 36. h4 Nc6 37. Rd1 f5 38. exf5 gxf5 39. Kg2 Rg8 40. Bxh5 f4 41.
exf4 exf4 42. g4 Ne5 43. Re1 Nd7 44. c6 Nf6 45. Kf3 Kd6 46. Kxf4 Bd5 47. Kf5
Nxh5 48. gxh5 Rf8+ 49. Kg6 Rxf2 50. h6 Rg2+ 51. Kf6 Rf2+ 52. Kg7 1/2-1/2

[Event "Ì11Â"]
[Site "Loo"]
[Date "2017.04.24"]
[Round "5.22"]
[White "Äðîçäîâ, Ìàêñèì."]
[Black "Æóðàâëåâ, Àðòåì."]
[Result "1/2-1/2"]
[WhiteElo "1385"]
[BlackElo "1501"]
[PlyCount "86"]
[EventDate "2017.04.20"]

1. e4 e6 2. d4 d5 3. Nd2 c5 4. c3 Nc6 5. Ngf3 Qb6 6. exd5 exd5 7. Qb3 Qxb3 8.
Nxb3 c4 9. Nbd2 Nf6 10. b3 cxb3 11. axb3 Bf5 12. Bb5 Bd6 13. c4 Kd7 14. O-O a6
15. Bxc6+ bxc6 16. Ba3 Rhe8 17. Bxd6 Kxd6 18. c5+ Kc7 19. Ne5 Bg6 20. f4 Re7
21. h3 h6 22. Rfe1 Be4 23. g4 Bh7 24. f5 Nd7 25. Nxd7 Kxd7 26. Rxe7+ Kxe7 27.
Re1+ Kd7 28. Nf3 f6 29. Re2 Re8 30. Rxe8 Kxe8 31. Kf2 g6 32. Nh4 g5 33. Nf3 Bg8
34. b4 Bf7 35. Nd2 h5 36. Nb3 Kd7 37. Ke3 Kc7 38. Kd2 Be8 39. Kc3 Bd7 40. Na5
Bxf5 41. gxf5 g4 42. hxg4 h4 43. g5 h3 1/2-1/2

[Event "Ì11Â"]
[Site "Loo"]
[Date "2017.04.24"]
[Round "5.23"]
[White "Åðìàêîâ, Ìàêñèì."]
[Black "Ñóëåéìàíîâ, Ýìèðëàí."]
[Result "1-0"]
[WhiteElo "1429"]
[BlackElo "1336"]
[PlyCount "105"]
[EventDate "2017.04.20"]

1. d4 Nf6 2. Nf3 g6 3. e3 Bg7 4. Be2 d6 5. c4 O-O 6. Nc3 Nbd7 7. Qc2 e5 8. O-O
Re8 9. b3 e4 10. Nd2 Qe7 11. Bb2 Nf8 12. Rac1 h5 13. Nd5 Nxd5 14. cxd5 c5 15.
dxc6 bxc6 16. Qxc6 Bb7 17. Qc7 Ne6 18. Qxe7 Rxe7 19. Ba3 Rd8 20. Nc4 Red7 21.
Na5 Bd5 22. Nc6 Bxc6 23. Rxc6 Bf8 24. Bb4 Rc7 25. Rxc7 Nxc7 26. Ba5 Rd7 27. Rc1
Nd5 28. Bb5 Re7 29. Bd8 Rb7 30. Bc6 Rb8 31. Bxd5 Rxd8 32. Rc7 Kg7 33. Rxf7+ Kh6
34. Rc7 Re8 35. Kf1 Kg5 36. Ke2 Kf5 37. Rf7+ Kg5 38. Bxe4 Rxe4 39. Rxf8 Re7 40.
Rd8 Rc7 41. Kd2 Rc6 42. Rd7 Ra6 43. a4 Rb6 44. Kc3 Rc6+ 45. Kb2 Ra6 46. Rc7 Ra5
47. Rf7 Ra6 48. Ka3 Kh6 49. b4 g5 50. b5 Rb6 51. Rxa7 d5 52. Ra6 Rxa6 53. bxa6
1-0